Všeobecne záväzné nariadenie obce o zápise na plnenie povinnej školskej dochádzky

Príspevok sa zaoberá právnou úpravou všeobecne záväzných nariadení obcí týkajúcich sa určenia miesta a času zápisu dieťaťa na plnenie povinnej školskej dochádzky v základnej škole. Poukazuje na nedostatky v ustanoveniach všeobecne záväzných nariadení obcí, na odporúčania pri odstraňovaní týchto nedo...

Descrizione completa

Salvato in:
Dettagli Bibliografici
Autore principale: Ukropec, Anton
Natura: Capitolo di libro
Lingua:slovacco
Soggetti:
Tags: Aggiungi Tag
Nessun Tag, puoi essere il primo ad aggiungerne!!

MARC

LEADER 00000naa a2200000 4500
001 0306793
005 20250205090959.5
041 0 |a slo 
044 |a SK 
245 1 0 |a Všeobecne záväzné nariadenie obce o zápise na plnenie povinnej školskej dochádzky  |c Anton Ukropec 
520 |a Príspevok sa zaoberá právnou úpravou všeobecne záväzných nariadení obcí týkajúcich sa určenia miesta a času zápisu dieťaťa na plnenie povinnej školskej dochádzky v základnej škole. Poukazuje na nedostatky v ustanoveniach všeobecne záväzných nariadení obcí, na odporúčania pri odstraňovaní týchto nedostatkov, a tiež na oprávnenie prokurátora podať protest proti všeobecne záväzným nariadeniam obcí, ktorými bol porušený zákon. 
610 2 0 |a dochádzka školská povinná 
610 2 0 |a školy základné 
610 2 0 |a úpravy právne 
610 2 0 |a žaloby 
610 2 0 |a obce 
100 1 |a Ukropec, Anton